00756nam a2200241 450000100060000000300080000600500170001400800410003102000150007203500190008704000330010604100080013908200180014710000270016524500960019225000120028826000350030030000270033550400410036265000240040370000420042770000450046910290BD-RjUL20211208234929.0140123s1971 nyu b 001 0 eng d a007019520X a(BD-RjUL)10338 aDLCcDLCdDLCdBD-RjUL beng aeng00a547bENP 19711 aEnglish, James,d1912-10aPrinciples of organic chemistry /cJames English, Harold G. Cassidy [and] Richard L. Baird. a4th ed. aNew York :bMcGraw-Hill,c1971 axiii, 558 p. ;c23 cm. aIncludes bibliographical references. 0aChemistry, Organic.1 aCassidy, Harold Gomes,ejoint author.1 aBaird, Richard L.,d1931-ejoint author.